Libro I de la Ley de Construcciones escolares de 22 de diciembre de 1953 (Record no. 91494)
[ view plain ]
| 000 -LEADER | |
|---|---|
| campo de control de longitud fija | 00567nam a2200157 i 4500 |
| 001 - NÚMERO DE CONTROL | |
| campo de control | 91494 |
| 003 - IDENTIFICADOR DE NÚMERO DE CONTROL | |
| campo de control | ES-MaACL |
| 005 - FECHA Y HORA DE LA ÚLTIMA TRANSACCIÓN | |
| campo de control | 20230906180731.0 |
| 007 - CAMPO FIJO DE DESCRIPCIÓN FÍSICA--INFORMACIÓN GENERAL | |
| campo de control de longitud fija | t| |
| 008 - DATOS DE LONGITUD FIJA--INFORMACIÓN GENERAL | |
| campo de control de longitud fija | 050131s1954 sp ||||1| spa d |
| 245 00 - MENCIÓN DEL TÍTULO | |
| Título | Libro I de la Ley de Construcciones escolares de 22 de diciembre de 1953 |
| Resto del título | : Guía, desarrollo y aplicación de la Ley / |
| Mención de responsabilidad, etc. | por Damián Estades Rodríguez. |
| 260 ## - PUBLICACIÓN, DISTRIBUCIÓN, ETC. | |
| Lugar de publicación, distribución, etc. | Burgos : |
| Nombre del editor, distribuidor, etc. | [s.n., |
| Fecha de publicación, distribución, etc. | 1954] ( |
| Fabricante | Hijos de S. Rodríguez) |
| 300 ## - DESCRIPCIÓN FÍSICA | |
| Extensión | 184 pág., 1 hoj. pleg. ; |
| Dimensiones | 23 cm. |
| 700 1# - ENTRADA AGREGADA--NOMBRE PERSONAL | |
| Nombre de persona | Estades Rodríguez, Damián. |
| 9 (RLIN) | 48000 |
| 852 ## - LOCALIZACIÓN | |
| Ubicación | ES-MaACL |
| Número de control de estantería | P-1015 |
| Estatus retirado | Estado de pérdida | Estado de daño | No para préstamo | Biblioteca de origen | Biblioteca actual | Ubicación en estantería | Fecha de adquisición | Fuente de adquisición | Total de préstamos | Signatura topográfica completa | Código de barras | Visto por última vez | Precio de reemplazo | Tipo de ítem Koha |
|---|---|---|---|---|---|---|---|---|---|---|---|---|---|---|
| Biblioteca del Ateneo de Madrid | Biblioteca del Ateneo de Madrid | Depósito 2 | 17/01/2008 | P-1015 | 1095520 | 23/02/2023 | 23/02/2023 | Libro impreso |
